| 000 -LEADER |
| fixed length control field |
03703cam a2200205 i 4500 |
| 020 ## - INTERNATIONAL STANDARD BOOK NUMBER |
| ISBN |
9781648026645 |
| 082 00 - DEWEY DECIMAL CLASSIFICATION NUMBER |
| Classification number |
658.4092 |
| Item number |
L4344 2022 |
| 245 00 - TITLE STATEMENT |
| Title |
Leadership : leaders, followers, and context / edited by James H. Dulebohn, Michigan State University, Brian Murray, University of Dallas, Dianna L. Stone, Universities of New Mexico, Albany, and Virginia Tech. |
| 260 ## - PUBLICATION, DISTRIBUTION, ETC. (IMPRINT) |
| Place of publication |
Charlotte, NC : |
| Name of publisher |
Information Age Publishing, Inc., |
| Year of publication |
©2022. |
| 300 ## - PHYSICAL DESCRIPTION |
| Number of Pages |
vi, 380 pages : |
| Other physical details |
illustrations ; 24 cm. |
| 490 0# - SERIES STATEMENT |
| Series statement |
(Research in human resource management) |
| 500 ## - GENERAL NOTE |
| General note |
Includes bibliographical references. |
| 520 ## - SUMMARY, ETC. |
| Summary, etc |
"As we enter the third decade of the twenty-first century, we are seeing a renaissance of context in influencing leadership, leader-follower relations, and leader effectiveness as well as a recognition of the tripartite nature of leadership. To fully understand and appreciate leadership, one must see the multiple parts of it as well as the connections among them. Leadership is multi-dimensional; leadership depends on leaders, followers, and context. Leadership research in the past three decades has been dominated by interest in neo-charismatic leadership styles and a focus on leader-member exchange in leader-follower relationships. Recently other approaches to leadership, such as ethical and authentic leaders, have garnered greater attention in response to the moral and ethical challenges in the workplace. Additionally, established approaches to leadership emergence and development have been challenged by their relevance to diverse work forces and issues of inclusion. This twelve article volume includes an outstanding roster of established and emerging leadership authors who tackle questions of leadership at the intersections of leaders, followers, and context. The volume opens with two articles that set the stage for the current state of leadership research and paths for its future including a commentary by Edwin Locke and Gary Latham on current management research practices and an action-oriented review of leadership research from the start of the 21st century. The volume is organized around three themes: leadership and diversity, leader-follower relationships, and systems of leader, follower, and context. Articles in the volume advance diversity research with an integration of leadership and diversity theories that demonstrate the former's need for re-examination in light of the latter, a systematic development of inclusive leadership theory, and a close examination of immigrant ethnic identity. The authors of several articles expand our understanding of leader-follower relationships in the context of teams and alliances, the contextual boundaries of authentic leadership theory, and the authentic leader's potential impact on harassment in organizations. The volume culminates with three demonstrations of leadership as systems of leader-follower-context interaction, including a close examination of the toxic triangle's manifestation in university scandals, a micro-process model of power and leadership, and a configurational approach to studying leadership. The volume is designed primarily for scholars in the fields of human resource management, organizational behavior, and leadership. It also well serves the needs of instructors and students in master's and doctoral courses in leadership or organizational behavior. Each article is grounded in managerial context that will appeal to practitioners in the field"-- |
| 650 #0 - SUBJECT ADDED ENTRY--TOPICAL TERM |
| Topical Term |
Leadership. |
| 650 #0 - SUBJECT ADDED ENTRY--TOPICAL TERM |
| Topical Term |
Followership. |
| 700 1# - ADDED ENTRY--PERSONAL NAME |
| Personal name |
Dulebohn, James H., editor. |
| 700 1# - ADDED ENTRY--PERSONAL NAME |
| Personal name |
Murray, Brian (Professor of management), editor. |
| 700 1# - ADDED ENTRY--PERSONAL NAME |
| Personal name |
Stone, Dianna L., 1947- editor. |
| 942 ## - ADDED ENTRY ELEMENTS (KOHA) |
| Koha item type |
Books |